Navo Lidstaten - Statistieken

Algemene statistieken
  • Deze quiz is 7.505 keer genomen
    3.492 sinds de laatste reset
  • De gemiddelde score is 27 van 32
Antwoordstatistieken
Toegetreden in Land % Correct
1949 Nederland
99%
1949 België
97%
1955 Duitsland
96%
1949 Frankrijk
95%
1982 Spanje
95%
2024 Zweden
95%
2023 Finland
94%
1949 Portugal
93%
1949 Verenigde Staten
93%
1949 Italië
92%
1949 Noorwegen
91%
1999 Polen
90%
1949 Verenigd Koninkrijk
90%
1949 Luxemburg
87%
2004 Estland
85%
1952 Griekenland
85%
2004 Letland
85%
1949 Denemarken
84%
1999 Hongarije
84%
2004 Bulgarije
83%
1949 Canada
83%
2004 Litouwen
83%
2004 Slowakije
83%
2009 Kroatië
82%
2004 Slovenië
82%
1999 Tsjechië
79%
2004 Roemenië
78%
2009 Albanië
77%
1952 Turkije
74%
1949 IJsland
71%
2020 Noord-Macedonië
66%
2017 Montenegro
63%
Geen overeenkomende quizzen gevonden
Scoreverdeling
Procent van Mensen met Elke Score
Percentiel versus Aantal Correcte Antwoorden
Uw Scoregeschiedenis
U heeft deze quiz nog niet genomen sinds de laatste reset